भारत में विज्ञान / (Record no. 19362)
[ view plain ]
| 000 -LEADER | |
|---|---|
| fixed length control field | 01091nam a22002537a 4500 |
| 005 - DATE AND TIME OF LATEST TRANSACTION | |
| control field | 20081202121634.0 |
| 008 - FIXED-LENGTH DATA ELEMENTS--GENERAL INFORMATION | |
| fixed length control field | 081202t xxu||||| |||| 00| 0 hin d |
| 010 ## - LCCN (DPL NO) | |
| LC control number | HIN-85314 |
| 020 ## - INTERNATIONAL STANDARD BOOK NUMBER | |
| International Standard Book Number | 8186919406 |
| Terms of availability | 125.00 |
| 035 ## - SYSTEM CONTROL NUMBER | |
| System control number | HN-57660 |
| 037 ## - SOURCE OF ACQUISITION | |
| Source of stock number/acquisition | DBAD / PUB |
| 040 ## - CATALOGING SOURCE | |
| Original cataloging agency | DPL |
| Language of cataloging | HN |
| 082 ## - DEWEY DECIMAL CLASSIFICATION NUMBER | |
| Classification number | 509.54 |
| 100 ## - MAIN ENTRY--PERSONAL NAME | |
| Personal name | गर्ग, राजीव |
| 245 ## - TITLE STATEMENT | |
| Title | भारत में विज्ञान / |
| Statement of responsibility, etc | राजीव गर्ग |
| 246 ## - VARYING FORM OF TITLE | |
| Title proper/short title | Bhaarata men vigyan |
| Remainder of title | by Rajeev Garg |
| 260 ## - PUBLICATION, DISTRIBUTION, ETC. (IMPRINT) | |
| Place of publication, distribution, etc | दिल्ली |
| Name of publisher, distributor, etc | साहित्य भारती |
| Date of publication, distribution, etc | 2007 |
| 270 ## - ADDRESS | |
| Address | के-71, कृष्मनगर , |
| City | दिल्ली |
| Postal code | 110 051 |
| 300 ## - PHYSICAL DESCRIPTION | |
| Extent | 96पृ. |
| Other physical details | सचित्र |
| Dimensions | 21सेमी(सजिल्द) |
| 650 ## - SUBJECT ADDED ENTRY--TOPICAL TERM | |
| Topical term or geographic name as entry element | विज्ञान |
| Geographic subdivision | भारत |
| 650 ## - SUBJECT ADDED ENTRY--TOPICAL TERM | |
| Topical term or geographic name as entry element | Science |
| Geographic subdivision | India |
| 942 ## - ADDED ENTRY ELEMENTS (KOHA) | |
| Source of classification or shelving scheme | Dewey Decimal Classification |
| Item type | Hindi Books |
| Call number suffix | गर्गरा |
| Classification part | 509.54 |
| Withdrawn status | Lost status | Source of classification or shelving scheme | Damaged status | Not for loan | Home library | Current library | Date acquired | Source of acquisition | Cost, normal purchase price | Total Checkouts | Full call number | Barcode | Date last seen | Copy number | Cost, replacement price | Koha item type |
|---|---|---|---|---|---|---|---|---|---|---|---|---|---|---|---|---|
| Dewey Decimal Classification | Not For Loan | D.B.Act.Division | D.B.Act.Division | 16/12/2008 | DBAD / PUB | 125.00 | 509.54 गर्गरा | HN-57660 | 02/12/2008 | 1 | 125.00 | Hindi Books |
